000 00517 a2200121 4500
082 _a709.986
_bG984c
100 _aGutierrez, Natalia
_91109
245 _aEnsayo historico, teorico o critico El arte colombiano de fin de milenio
_bCruces Una reflexion sobre la critica de arte y la obra de Jose Alejandro Restrepo
260 _aBogota
_bPanamericana Formas e Impresos
_c2000
300 _a132 p
_bill (col)
_c24 cm
650 _aensayo
_xarte moderno
_xRestrepo, Jose Alejandro
_zColombia
_91110
700 _aNatalia Gutierrez
_91111
999 _c238
_d238